000 00447pam a2200157a 44500
008 230515b2014 xxu||||| |||| 00| 0 eng d
020 _a978.93.81496.190
041 _aENGLISH
082 _a616.7/GODKAR
100 _aGODKAR P.B
245 _aTEXT BOOK OF MEDICAL LABORATORY TECHNOLOGY - 1
250 _a3RD ED-2014
260 _aMUMBAI
_bBALANI MEDOCAL BOOK
_c2014
300 _a840
650 _aTEXT BOOK OF MEDICAL LABORATORY TECHNOLOGY - 1
999 _c501357
_d501357